The Rise and Fall of The Great Powers : (Record no. 595109)
[ view plain ]
| 000 -LEADER | |
|---|---|
| fixed length control field | 00366nam a22001217a 4500 |
| 082 ## - DEWEY DECIMAL CLASSIFICATION NUMBER | |
| Classification number | 909.82 |
| Author Mark | KEN |
| 100 ## - MAIN ENTRY--PERSONAL NAME | |
| Personal name | Kennedy, Paul |
| 245 ## - TITLE STATEMENT | |
| Title | The Rise and Fall of The Great Powers : |
| Remainder of title | Economic change and Military Conflict from 1500 to 2000/ |
| Statement of responsibility, etc. | Paul Kennedy, |
| 260 ## - PUBLICATION, DISTRIBUTION, ETC. | |
| Place of publication, distribution, etc. | USA : |
| Name of publisher, distributor, etc. | Services book club, |
| Date of publication, distribution, etc. | 1996. |
| 300 ## - PHYSICAL DESCRIPTION | |
| Extent | xii, 893 p. |
| 563 ## - BINDING INFORMATION | |
| Binding note | HB |
| 942 ## - ADDED ENTRY ELEMENTS (KOHA) | |
| Source of classification or shelving scheme | |
| Koha item type | Book |
| Withdrawn status | Lost status | Source of classification or shelving scheme | Damaged status | Not for loan | Permanent Location | Current Location | Shelving location | Date acquired | Total Checkouts | Full call number | Barcode | Date last seen | Price effective from | Koha item type |
|---|---|---|---|---|---|---|---|---|---|---|---|---|---|---|
| School of Mechanical & Manufacturing Engineering (SMME) | School of Mechanical & Manufacturing Engineering (SMME) | General Stacks | 07/05/2023 | 909.82 KEN | SMME-4370 | 07/05/2023 | 07/05/2023 | Book |
